Štátne sociálne dávky od 1. januára 2020

Štát finančne podporuje rodiny s deťmi v rámci systému štátnej sociálnej podpory jednorazovými a opakovanými štátnymi sociálnymi dávkami s cieľom finančne prispieť rodičom na výdavky spojené s narodením dieťaťa a so zabezpečenením starostlivosti o deti. Poskytovanie a výška rodičovského príspevku, p...

Description complète

Enregistré dans:
Détails bibliographiques
Auteur principal: Polačeková, Ildikó
Format: Chapitre de livre
Langue:slovaque
Sujets:
Tags: Ajouter un tag
Pas de tags, Soyez le premier à ajouter un tag!

MARC

LEADER 00000naa a2200000 4500
001 0262302
005 20200212095001.2
041 0 |a slo 
044 |a SK 
245 1 0 |a Štátne sociálne dávky od 1. januára 2020  |c Ildikó Polačeková 
520 |a Štát finančne podporuje rodiny s deťmi v rámci systému štátnej sociálnej podpory jednorazovými a opakovanými štátnymi sociálnymi dávkami s cieľom finančne prispieť rodičom na výdavky spojené s narodením dieťaťa a so zabezpečenením starostlivosti o deti. Poskytovanie a výška rodičovského príspevku, prídavku na dieťa, príplatku k prídavku na dieťa a náhradného výživného. 
610 2 0 |a pomoc štátna 
610 2 0 |a pomoc sociálna 
610 2 0 |a dávky sociálne 
610 2 0 |a rodina 
610 2 0 |a deti 
100 1 |a Polačeková, Ildikó